Boudewijn de Groot - Land van Maas en Waal - Statistieken

Algemene statistieken
  • Deze quiz is 24 keer genomen
  • De gemiddelde score is 253 van 343
Antwoordstatistieken
Antwoord % Correct
Maas
100%
de
91%
en
91%
En
91%
het
91%
Het
91%
in
91%
je
91%
land
91%
Land
91%
Onder
91%
onder
91%
van
91%
Waal.
91%
Waal,
91%
zijn
91%
bergen
82%
bos
82%
circus
82%
dan
82%
Dan
82%
door
82%
een
82%
groene
82%
heuvels
82%
Jeroen
82%
lach-ahahahaa,
82%
op
82%
we
82%
We
82%
zingen
82%
zon
82%
alle
73%
allemaal,
73%
Bosch.
73%
Daar
73%
daar
73%
die
73%
grote
73%
harmonie
73%
hemel
73%
hun
73%
Ik
73%
koning
73%
kop.
73%
lachen
73%
lange
73%
orkest
73%
over
73%
regenton.
73%
Spanje
73%
speelt
73%
stoet
73%
't
73%
ze
73%
zilveren
73%
bed
64%
blauwe
64%
brand,
64%
bruine
64%
er
64%
gouden
64%
had
64%
kater
64%
konijnen
64%
ligt
64%
loop
64%
met
64%
nog
64%
ons
64%
praten
64%
purperen
64%
trekt
64%
voorop.
64%
aan
55%
Abdij.
55%
achter
55%
blikken
55%
brandewijn
55%
Daarachter
55%
ei.
55%
elkaar.
55%
fanfare
55%
gearmd
55%
glazen
55%
houden
55%
is
55%
koperen
55%
krant.
55%
mijn
55%
ontsnapt,
55%
steeds
55%
trechter
55%
twee
55%
altijd
45%
betrapt.
45%
bij
45%
dus
45%
Egmondse
45%
hand,
45%
hand.
45%
hoge
45%
komen
45%
komt
45%
koudvuur,
45%
legt
45%
niet
45%
ook
45%
provisiekast
45%
reik
45%
sneeuwt
45%
snoeshaan,
45%
ter
45%
trouwt
45%
vingerhoed,
45%
voorgoed
45%
Wanneer
45%
wanneer
45%
want
45%
blaast
36%
doden
36%
dronken
36%
ere
36%
eten
36%
geeft
36%
geleden,
36%
horizon
36%
kerken
36%
leed
36%
meisje
36%
Moren
36%
Pierlala
36%
schaar,
36%
schudt
36%
staken
36%
steken
36%
verdwijnt.
36%
dikke
27%
draak
27%
feestje
27%
Klaas
27%
loftrompet
27%
's avonds
27%
schijnt
27%
slepen
27%
Vaak.
27%
zandgebak
27%
Geen overeenkomende quizzen gevonden
Scoreverdeling
Procent van Mensen met Elke Score
Percentiel versus Aantal Correcte Antwoorden
Uw Scoregeschiedenis
U heeft deze quiz nog niet genomen